<?xml version="1.0" encoding="UTF-8"?>
<collection xmlns="http://www.loc.gov/MARC21/slim">
 <record>
  <leader>00564pamaa2200181   4500</leader>
  <controlfield tag="001">0000021910</controlfield>
  <controlfield tag="005">20060614090000.0</controlfield>
  <datafield tag="020" ind1="0" ind2="0">
   <subfield code="a">0803932324 </subfield>
  </datafield>
  <datafield tag="082" ind1=" " ind2=" ">
   <subfield code="a">658.15224 COL 1990</subfield>
  </datafield>
  <datafield tag="090" ind1="0" ind2="0">
   <subfield code="a">HV41 </subfield>
   <subfield code="b">COL</subfield>
  </datafield>
  <datafield tag="100" ind1="1" ind2="0">
   <subfield code="a">COLEY </subfield>
  </datafield>
  <datafield tag="245" ind1="1" ind2="0">
   <subfield code="a">Proposal writing  </subfield>
   <subfield code="c">Soraya M. Coley and Cynthia A. Scheinberg ; with contributions by Armand Lauffer.</subfield>
  </datafield>
  <datafield tag="260" ind1="0" ind2="0">
   <subfield code="a">Newbury Park: </subfield>
   <subfield code="b">Sage Pub., </subfield>
   <subfield code="c">1990.</subfield>
  </datafield>
  <datafield tag="300" ind1=" " ind2=" ">
   <subfield code="a">130p.; </subfield>
   <subfield code="c">22cm.</subfield>
  </datafield>
  <datafield tag="440" ind1="0" ind2="0">
   <subfield code="a">Sage human services guide</subfield>
  </datafield>
  <datafield tag="650" ind1="0" ind2="0">
   <subfield code="a">Social service </subfield>
  </datafield>
  <datafield tag="650" ind1="0" ind2="0">
   <subfield code="a">Proposal writing in the social sciences </subfield>
  </datafield>
  <datafield tag="700" ind1="1" ind2="1">
   <subfield code="a">Scheinberg, </subfield>
   <subfield code="h">Cynthia A. </subfield>
  </datafield>
 </record>
</collection>
